Beliebsteste Gemüsesorten in Deutschland - Statistiken

Allgemein
  • Dieses Quiz wurde 150 mal gespielt
  • Das Durchschnittsergebnis liegt bei 7 aus 10
Antwortstatistiken
Pro-Kopf-Verbrauch/Jahr Gemüse % Korrekt
10,5 kg Karotte; Rote Beete
91%
27,4 kg Tomaten
91%
8,2 kg Gurken
84%
2,1 kg Kopfsalat
81%
2,3 kg Blumen-, Grünkohl; Brokkoli
74%
10,2 kg Zwiebeln
71%
4,2 kg Weiß-, Rotkohl
52%
2,1 kg Bohnen
44%
2,0 kg Wirsing; Chinakohl; Kohlrabi
41%
1,4 kg Spargel
37%
Keine übereinstimmenden Quizze gefunden
Verteilung der Resultate
Anzahl Personen mit jedem Resultat
Perzentil nach korrekt beantworteten Fragen
Ihre Resultats-Entwicklung
Sie haben dieses Quiz noch nicht gespielt